| 000 | 00686nam a2200217Ia 4500 | ||
|---|---|---|---|
| 003 | GCL | ||
| 008 | 140319s9999 xx 000 0 ara d | ||
| 040 |
_aGCL / _cGCL |
||
| 082 | 0 | 4 |
_a181.003 _bع م |
| 100 | 1 | _aعبدالمنعم الحفنى | |
| 245 | 1 | 0 |
_aالموسوعة النقدية للفلسفة اليهودية / _cعبدالمنعم الحفنى |
| 260 |
_a[S.N] : _bدار المسيرة للنشر والتوزيع والطباعة ، _c1980 |
||
| 300 | _a252 ص | ||
| 490 | _a | ||
| 650 | 0 | 4 | _aالنقد |
| 650 | 0 | 4 | _aالفلسفة |
| 650 | 0 | 4 | _aاليهودية |
| 650 | 0 | 4 | _aالفلاسفة |
| 650 | 0 | 4 | _aالفلسفة اليهودية |
| 942 |
_2ddc _cBK |
||
| 999 |
_c58433 _d58433 |
||